Η ευρωπαική ιδέα, η ευρωπαική ένωση, η Ελλάδα : ιστορική διαδρομή-σύγχρονη εποχή, προοπτικές
Αποθηκεύτηκε σε:
| Κύριος συγγραφέας: | |
|---|---|
| Μορφή: | Βιβλίο |
| Γλώσσα: | Greek |
| Δημοσίευση: |
Αθήνα :
Ι. Σιδέρης,
1995
|
| Σειρά: | Βιβλιοθήκη διεθνών και ευρωπαϊκών μελετών
|
| Θέματα: | |
| Ετικέτες: |
Προσθήκη ετικέτας
Δεν υπάρχουν, Καταχωρήστε ετικέτα πρώτοι!
|
MARC
| LEADER | 00000nam a2200000 i 4500 | ||
|---|---|---|---|
| 001 | 1/15469 | ||
| 008 | 980610s1995 gre d | ||
| 020 | |a 960-08-0058-8 | ||
| 035 | |l 10019840 | ||
| 040 | |a GR-MY-UA |b gre |e aacr | ||
| 041 | 0 | |a gre | |
| 082 | 0 | |a 341.2422 | |
| 100 | 1 | |a Κοντογεώργης, Γεώργιος Δ., |d 1947- | |
| 245 | 1 | 2 | |a Η ευρωπαική ιδέα, η ευρωπαική ένωση, η Ελλάδα : |b ιστορική διαδρομή-σύγχρονη εποχή, προοπτικές / |c Γεωργίου Λ. Κοντογιώργη |
| 260 | |a Αθήνα : |b Ι. Σιδέρης, |c 1995 | ||
| 300 | |a 278 σ. | ||
| 490 | 1 | |a Βιβλιοθήκη διεθνών και Ευρωπαικών μελετών | |
| 610 | 2 | 0 | |a European Economic Community |z Greece. |
| 651 | 0 | |a Europe |x History. | |
| 830 | 0 | |a Βιβλιοθήκη διεθνών και ευρωπαϊκών μελετών | |
| 852 | |a INST |b LESVOS |e 19980610 |h 341.2422 ΚΟΝ |p 005100014499 |q 005100014499 |t BK |y 0 | ||
| 901 | |a BIBL-1998-2 | ||
| 909 | |a Λ |b 056036 | ||
| 922 | |a 1ΔΩΡ |b 199805 |c Α | ||